000 00440nam a2200181Ia 4500
001 1633
005 20260306143742.0
008 260306t2012||||xx |||||||||||||| ||spa||
041 _aESP
082 _a153.9
_bA62A
100 _aAntunes, Celso
_eAUT
245 0 _aJuegos para estimular las inteligencias múltiples
260 _c2012
300 _a207 páginas :
_c24 cm.
650 _aGEN
654 _aCPS
942 _cLIB
_dJUS
_fJUS
_2ddc
_n
999 _c1633
_d1633